<?xml version="1.0" encoding="UTF-8"?>
<record
    xmlns:xsi="http://www.w3.org/2001/XMLSchema-instance"
    xsi:schemaLocation="http://www.loc.gov/MARC21/slim http://www.loc.gov/standards/marcxml/schema/MARC21slim.xsd"
    xmlns="http://www.loc.gov/MARC21/slim">

  <leader>05161nam a2200469Ia 4500</leader>
  <controlfield tag="001">dia_4954</controlfield>
  <controlfield tag="003">CHAP</controlfield>
  <controlfield tag="005">20240918183118.0</controlfield>
  <controlfield tag="007">ta</controlfield>
  <controlfield tag="008">220117s2012    mx ado frm   a001 0 spa d</controlfield>
  <datafield tag="010" ind1=" " ind2=" ">
    <subfield code="a">175759</subfield>
  </datafield>
  <datafield tag="040" ind1=" " ind2=" ">
    <subfield code="c">CHAP</subfield>
    <subfield code="a">mxchpua</subfield>
    <subfield code="e">rda</subfield>
  </datafield>
  <datafield tag="041" ind1="0" ind2=" ">
    <subfield code="a">spa</subfield>
    <subfield code="b">eng</subfield>
  </datafield>
  <datafield tag="090" ind1=" " ind2=" ">
    <subfield code="a">Tesis </subfield>
    <subfield code="b">A38 </subfield>
    <subfield code="c">2012</subfield>
  </datafield>
  <datafield tag="100" ind1="1" ind2=" ">
    <subfield code="a">Aguilar Rosales, Sof&#xED;a</subfield>
  </datafield>
  <datafield tag="245" ind1="1" ind2="0">
    <subfield code="a">Patrones de maduraci&#xF3;n de tomate cv. Caiman (Solanum Lycopersicum L.) cultivado en diferentes granulometr&#xED;as de tezontle /</subfield>
    <subfield code="c">Sof&#xED;a Aguilar Rosas y Patricia D&#xED;az Montalvo</subfield>
  </datafield>
  <datafield tag="264" ind1=" " ind2=" ">
    <subfield code="a">Chapingo, M&#xE9;xico :</subfield>
    <subfield code="b">El autor,</subfield>
    <subfield code="c">2012</subfield>
  </datafield>
  <datafield tag="300" ind1=" " ind2=" ">
    <subfield code="a">106 hojas :</subfield>
    <subfield code="b">ilustraciones, gr&#xE1;ficas, tablas, fotos +</subfield>
    <subfield code="e">1 CD-ROM</subfield>
  </datafield>
  <datafield tag="336" ind1=" " ind2=" ">
    <subfield code="2">rdacontent</subfield>
    <subfield code="a">texto</subfield>
    <subfield code="b">txt</subfield>
  </datafield>
  <datafield tag="337" ind1=" " ind2=" ">
    <subfield code="2">rdamedia</subfield>
    <subfield code="a">no mediado</subfield>
    <subfield code="b">n</subfield>
  </datafield>
  <datafield tag="338" ind1=" " ind2=" ">
    <subfield code="2">rdacarrier</subfield>
    <subfield code="a">volumen</subfield>
    <subfield code="b">nc</subfield>
  </datafield>
  <datafield tag="500" ind1=" " ind2=" ">
    <subfield code="a">El CD contiene el reporte</subfield>
  </datafield>
  <datafield tag="502" ind1=" " ind2=" ">
    <subfield code="a">Tesis </subfield>
    <subfield code="b">(Ingeniero Agroindustrial) --</subfield>
    <subfield code="c">UACh. Departamento de Ingenier&#xED;a Agroindustrial,</subfield>
    <subfield code="d">2012</subfield>
  </datafield>
  <datafield tag="504" ind1=" " ind2=" ">
    <subfield code="a">Bibliograf&#xED;a: hojas 89-100</subfield>
  </datafield>
  <datafield tag="520" ind1="3" ind2=" ">
    <subfield code="a">El presente trabajo se plante&#xF3; con el fin de evaluar diferentes par&#xE1;metros de calidad y patr&#xF3;n de maduraci&#xF3;n de fruto de tomate producido en hidropon&#xED;a y escoria volc&#xE1;nica roja &#x2015;tezontle&#x2016; como sustrato,  en cuatro tama&#xF1;os de part&#xED;cula: 35, 5-10, 10-20 y 20-30 mm de di&#xE1;metro, correspondiendo a las granulometr&#xED;as G1, G2, G3 y G4, respectivamente; las cuales estuvieron mezcladas con polvo y fibra de coco en proporci&#xF3;n 3:1. Los frutos se cortaron en cinco estados de madurez: verde maduro, rompiente, naranja tenue, rojo claro y  rojo, correspondiendo a EM1, EM2, EM3, EM4 y EM5, respectivamente.  Los par&#xE1;metros evaluados fueron: firmeza, color externo (Luminosidad, Hue y Croma), velocidad de respiraci&#xF3;n, producci&#xF3;n de etileno, p&#xE9;rdida de peso y   cambios en los componentes fisicoqu&#xED;micos: s&#xF3;lidos solubles totales (SST), acidez titulable (AT), &#xED;ndice de madurez (SST/AT); &#xE1;cido asc&#xF3;rbico (Vit C), etanol, acetaldeh&#xED;dos  y licopeno  desde la madurez fisiol&#xF3;gica hasta la de consumo. Se realizo un an&#xE1;lisis de varianza y comparaciones de medias utilizando el m&#xE9;todo de tukey (&#x3B1;&#x2264;0.05). El tama&#xF1;o de part&#xED;cula de tezontle no afect&#xF3; la calidad del tomate, en sus variables firmeza, s&#xF3;lidos solubles totales, &#xE1;cido asc&#xF3;rbico, acetaldeh&#xED;dos, etanol y respiraci&#xF3;n; sin embargo, la granulometr&#xED;a si ejerce efecto durante el proceso de maduraci&#xF3;n en las variables licopeno y p&#xE9;rdida de peso. Sobre las variables de hue, croma, luminosidad, &#xE1;cido c&#xED;trico (AT) e  &#xED;ndice de madurez, el efecto es cuando act&#xFA;an estado de madurez y granulometr&#xED;as juntas. No se detecto producci&#xF3;n de etileno. Las variables de calidad de tomate en esta investigaci&#xF3;n mostraron grandes diferencias en los cinco estados de madurez y durante su evoluci&#xF3;n en el tiempo.  </subfield>
  </datafield>
  <datafield tag="520" ind1="3" ind2=" ">
    <subfield code="a">In this work we had arisen with the purpose to evaluate different parameters of quality and maturity pattern in tomato fruit cultivated under protected conditions,  hydroponic  and red volcanic scoria &#x2015;tezontle&#x2016; (Tez) as an substrate, in four particle sizes: 3-5, 5-10, 10-20 y 20-30 mm in diameter, corresponding to the particle size G1, G2, G3 y G4, respectively; they are mixed with the dust and fiber coconut (DFC)  in 3:1 proportions (Tez:DFC). Fruits were harvested at five maturity stages: mature green, breaker, subdued / tenuous orange, light red and red, to corresponding at EM1, EM2, EM3, EM4 y EM5, respectively. The parameters evaluated were: firmness, color (Brightness, Hue and Chroma), respiration rates, ethylene production, weight  loss and physicochemical component: total soluble solids (TSS), acidity titratable (AT), index of maturity (TSS/TA), ascorbic acid (Vitamin C), ethanol, acetaldehyde and lycopene since physiologic maturity up to reaching eating ripeness. We were carried out an analysis of variance and comparison of means (tukey (&#x3B1;&#x2264;0.05). The particle size of tezontle does not affected the tomato quality, for the variables   firmness, total soluble solids, ascorbic acid, acetaldehyde, ethanol and respiration; however, the particle size affected during ripening in the variables lycopene and weight loss. The interaction of the maturity stages and particle size was significant only for brightness, hue, chroma, ascorbic acid and index of maturity. Did not detect to presence of ethylene. The variables of tomato quality for this research showed differences in the five maturity stages and during its evolution in the time. </subfield>
  </datafield>
  <datafield tag="650" ind1="1" ind2="3">
    <subfield code="a">Tomates</subfield>
    <subfield code="x">Maduraci&#xF3;n  </subfield>
    <subfield code="2">atg</subfield>
  </datafield>
  <datafield tag="650" ind1="1" ind2="0">
    <subfield code="a">Calidad de las hortalizas</subfield>
    <subfield code="2">atg</subfield>
  </datafield>
  <datafield tag="650" ind1="1" ind2="3">
    <subfield code="a">Tomatoes</subfield>
    <subfield code="x">Ripening  </subfield>
    <subfield code="2">atg</subfield>
  </datafield>
  <datafield tag="650" ind1="1" ind2="3">
    <subfield code="a">Vegetable quality</subfield>
    <subfield code="2">atg</subfield>
  </datafield>
  <datafield tag="700" ind1="1" ind2=" ">
    <subfield code="a">D&#xED;az Montalvo, Patricia</subfield>
    <subfield code="e">autora</subfield>
  </datafield>
  <datafield tag="700" ind1="1" ind2=" ">
    <subfield code="a">Saucedo Veloz, Crescenciano</subfield>
    <subfield code="e">director</subfield>
  </datafield>
  <datafield tag="700" ind1="1" ind2=" ">
    <subfield code="a">Ponce Hern&#xE1;ndez, Pedro</subfield>
    <subfield code="e">asesor</subfield>
  </datafield>
  <datafield tag="700" ind1="1" ind2=" ">
    <subfield code="a">Szymanski Duque, Rosa Guadalupe</subfield>
    <subfield code="e">asesora</subfield>
  </datafield>
  <datafield tag="856" ind1="4" ind2="1">
    <subfield code="u">http://10.13.5.2/tesis/115702.pdf</subfield>
    <subfield code="y">DESCARGAR PDF</subfield>
  </datafield>
  <datafield tag="901" ind1=" " ind2=" ">
    <subfield code="a">Tesis A38 2012</subfield>
  </datafield>
  <datafield tag="902" ind1=" " ind2=" ">
    <subfield code="a">M</subfield>
  </datafield>
  <datafield tag="905" ind1=" " ind2=" ">
    <subfield code="a">523227               2012           mx am  8222223322spa16</subfield>
  </datafield>
  <datafield tag="942" ind1=" " ind2=" ">
    <subfield code="c">TESIS</subfield>
    <subfield code="2">Clasificaci&#xF3;n Universidad Aut&#xF3;noma Chapingo</subfield>
  </datafield>
  <datafield tag="999" ind1=" " ind2=" ">
    <subfield code="c">175759</subfield>
    <subfield code="d">175759</subfield>
  </datafield>
  <datafield tag="952" ind1=" " ind2=" ">
    <subfield code="0">0</subfield>
    <subfield code="1">0</subfield>
    <subfield code="2">local</subfield>
    <subfield code="4">0</subfield>
    <subfield code="5">5</subfield>
    <subfield code="7">0</subfield>
    <subfield code="8">TESIS</subfield>
    <subfield code="a">IA_</subfield>
    <subfield code="b">IA_</subfield>
    <subfield code="d">2022-01-18</subfield>
    <subfield code="e">El autor</subfield>
    <subfield code="l">1</subfield>
    <subfield code="o">Tesis A38 2012</subfield>
    <subfield code="p">1101006845</subfield>
    <subfield code="r">2024-09-25 17:45:02</subfield>
    <subfield code="s">2024-09-25</subfield>
    <subfield code="t">Ej. 3</subfield>
    <subfield code="w">2022-01-18</subfield>
    <subfield code="y">CD</subfield>
  </datafield>
  <datafield tag="952" ind1=" " ind2=" ">
    <subfield code="0">0</subfield>
    <subfield code="1">0</subfield>
    <subfield code="2">local</subfield>
    <subfield code="4">0</subfield>
    <subfield code="5">1</subfield>
    <subfield code="7">0</subfield>
    <subfield code="8">TESIS</subfield>
    <subfield code="a">IA_</subfield>
    <subfield code="b">IA_</subfield>
    <subfield code="d">2022-01-18</subfield>
    <subfield code="e">El autor</subfield>
    <subfield code="l">0</subfield>
    <subfield code="o">Tesis A38 2012</subfield>
    <subfield code="p">dia_006843</subfield>
    <subfield code="r">2022-01-18 00:00:00</subfield>
    <subfield code="t">Ej. 1</subfield>
    <subfield code="w">2022-01-18</subfield>
    <subfield code="y">TESIS</subfield>
  </datafield>
  <datafield tag="952" ind1=" " ind2=" ">
    <subfield code="0">0</subfield>
    <subfield code="1">0</subfield>
    <subfield code="2">local</subfield>
    <subfield code="4">0</subfield>
    <subfield code="5">1</subfield>
    <subfield code="7">0</subfield>
    <subfield code="8">TESIS</subfield>
    <subfield code="a">IA_</subfield>
    <subfield code="b">IA_</subfield>
    <subfield code="d">2022-01-18</subfield>
    <subfield code="e">El autor</subfield>
    <subfield code="l">0</subfield>
    <subfield code="o">Tesis A38 2012</subfield>
    <subfield code="p">1101006844</subfield>
    <subfield code="r">2022-01-18 00:00:00</subfield>
    <subfield code="t">Ej. 2</subfield>
    <subfield code="w">2022-01-18</subfield>
    <subfield code="y">CD</subfield>
  </datafield>
  <datafield tag="952" ind1=" " ind2=" ">
    <subfield code="0">0</subfield>
    <subfield code="1">0</subfield>
    <subfield code="2">local</subfield>
    <subfield code="4">0</subfield>
    <subfield code="7">0</subfield>
    <subfield code="8">TesDigL</subfield>
    <subfield code="a">IA_</subfield>
    <subfield code="b">IA_</subfield>
    <subfield code="c">E_L</subfield>
    <subfield code="d">2024-09-18</subfield>
    <subfield code="e">El autor</subfield>
    <subfield code="l">0</subfield>
    <subfield code="p">1201006843</subfield>
    <subfield code="r">2024-09-18 18:31:24</subfield>
    <subfield code="w">2024-09-18</subfield>
    <subfield code="y">TD</subfield>
  </datafield>
</record>
